[Event "Lichtenrader Herbst"]
[Site "Berlin"]
[Date "2013.10.01"]
[Round "4.2"]
[White "Romanishin, Oleg M"]
[Black "Bruedigam, Martin"]
[Result "1-0"]
[WhiteElo "2499"]
[BlackElo "2312"]
[PlyCount "111"]
[EventDate "2013.??.??"]
[BlackTeam "USV Potsdam e.V., Abt. Schach"]

1. Nf3 Nf6 2. g3 g6 3. Bg2 Bg7 4. c4 c6 5. d4 d5 6. cxd5 cxd5 7. Ne5 Ne4 8. Nc3
Nxc3 9. bxc3 O-O 10. O-O Nc6 11. Nxc6 bxc6 12. Qa4 Bd7 13. Bf4 c5 14. Qb3 cxd4
15. cxd4 e6 16. e3 Qa5 17. Rfc1 Rfc8 18. Bf1 Bf8 19. Qb7 Qa4 20. Rab1 a6 21.
Rxc8 Rxc8 22. Qxa6 Qxa6 23. Bxa6 Rc2 24. Rb8 Kg7 25. Be5+ f6 26. Bxf6+ Kf7 27.
Be5 Rxa2 28. Rb7 Ke8 29. Bb5 Bxb5 30. Rxb5 Ra7 31. Kg2 Kf7 32. h4 Be7 33. Rb8
Bf8 34. g4 h5 35. g5 Rd7 36. Kg3 Ra7 37. Rb6 Be7 38. Bd6 Bd8 39. Rc6 Rd7 40.
Bc5 Rc7 41. Ra6 Rb7 42. Kf3 Bc7 43. Bd6 Bd8 44. Ra8 Rd7 45. Bc5 Kg7 46. Ke2 Kf7
47. Kd3 Kg7 48. f3 Kf7 49. e4 Bc7 50. Ra7 Ke8 51. Ra6 Kf7 52. exd5 exd5 53. f4
Kg7 54. Ke3 Rf7 55. Bd6 Rd7 56. Be5+ 1-0

[Event "Lichtenrader Herbst"]
[Site "Berlin"]
[Date "2013.10.01"]
[Round "4.5"]
[White "Gutman, Lev"]
[Black "Glantz, Robert"]
[Result "1/2-1/2"]
[WhiteElo "2432"]
[BlackElo "2310"]
[PlyCount "100"]
[EventDate "2013.??.??"]
[WhiteTeam "SV Lingen"]
[BlackTeam "SC Kreuzberg e.V."]

1. Nf3 c5 2. g3 Nc6 3. Bg2 g6 4. O-O Bg7 5. c4 e6 6. Nc3 Nge7 7. a3 O-O 8. b4
cxb4 9. axb4 d5 10. b5 Na5 11. cxd5 Nxd5 12. Qa4 b6 13. Ba3 Re8 14. e4 Nxc3 15.
dxc3 Bb7 16. Bb4 Qc7 17. Nd4 Nc4 18. Qc2 Red8 19. Qe2 Rdc8 20. Rfd1 e5 21. Nc2
a5 22. bxa6 Bxa6 23. Qg4 Bb5 24. Bf1 Rxa1 25. Rxa1 Bd7 26. Qe2 Be6 27. Ne3 Qb7
28. Qd3 Nxe3 29. Qxe3 Bc4 30. Bxc4 Rxc4 31. Qd3 Rc8 32. Rd1 Bf6 33. Qd7 Qxd7
34. Rxd7 Rc6 35. Kf1 Kg7 36. Ke2 h5 37. h4 g5 38. hxg5 Bxg5 39. Rd5 f6 40. Kd3
h4 41. gxh4 Bxh4 42. Ke2 Kg6 43. Kf3 f5 44. Rxe5 fxe4+ 45. Kxe4 Bxf2 46. Kd5
Rf6 47. c4 Rf5 48. Rxf5 Kxf5 49. Bc3 Kf4 50. Be5+ Kf3 1/2-1/2

[Event "Lichtenrader Herbst"]
[Site "Berlin"]
[Date "2013.10.01"]
[Round "4.6"]
[White "Rabiega, Robert"]
[Black "Sawlin, Leonid"]
[Result "1-0"]
[WhiteElo "2507"]
[BlackElo "2071"]
[PlyCount "57"]
[EventDate "2013.??.??"]
[WhiteTeam "SK König Tegel 1949 e.V."]
[BlackTeam "TuS Makkabi Berlin e.V."]

1. e4 e6 2. d4 d5 3. Nc3 Nf6 4. Bg5 Be7 5. e5 Nfd7 6. Bxe7 Qxe7 7. f4 O-O 8.
Nf3 c5 9. dxc5 Nc6 10. Bd3 g6 11. Qd2 Nxc5 12. O-O Rd8 13. Qf2 b6 14. Bb5 Bb7
15. Bxc6 Bxc6 16. Nd4 Bb7 17. Rad1 Rac8 18. Qe3 Qe8 19. Rf2 Ba6 20. a3 Na4 21.
Nxa4 Qxa4 22. f5 exf5 23. e6 Re8 24. Nxf5 f6 25. Nd6 Kg7 26. Nxe8+ Rxe8 27.
Rxd5 Qc6 28. Rfd2 Qc4 29. h3 1-0

[Event "Lichtenrader Herbst"]
[Site "Berlin"]
[Date "2013.10.01"]
[Round "4.7"]
[White "Lund, Silas Esben"]
[Black "Major, Vitalij"]
[Result "1/2-1/2"]
[WhiteElo "2417"]
[BlackElo "2164"]
[PlyCount "107"]
[EventDate "2013.??.??"]
[BlackTeam "SC Kreuzberg e.V."]

1. d4 Nf6 2. c4 e6 3. Nc3 Bb4 4. e3 b6 5. Bd3 Bb7 6. Nf3 O-O 7. O-O c5 8. Na4
cxd4 9. a3 Be7 10. exd4 d6 11. Re1 Nbd7 12. b4 Re8 13. Bb2 Bf8 14. Rc1 Rc8 15.
Bf1 Ne4 16. Qd3 Ndf6 17. Rc2 Qd7 18. Nc3 Nxc3 19. Rxc3 Rc7 20. Bc1 h6 21. h3
Qc8 22. Bf4 Nd5 23. Bg3 Nxc3 24. Qxc3 Rd7 25. Qb3 Qa8 26. a4 Qd8 27. Rc1 Qf6
28. Qe3 Rc8 29. a5 bxa5 30. b5 Bxf3 31. gxf3 e5 32. dxe5 dxe5 33. c5 Qg5 34. c6
Rd5 35. Ra1 Bc5 36. Qxg5 hxg5 37. Bc4 Rd4 38. Ba2 Bd6 39. Re1 Rb4 40. Rd1 Bc7
41. Rd7 Rb2 42. Bxf7+ Kh7 43. Be6 a4 44. Rd3 Re8 45. Bd7 Rb8 46. Ra3 R2xb5 47.
Rxa4 a5 48. Rg4 Rf8 49. Rxg5 Rf6 50. Rg4 Rb4 51. Rg5 Rb5 52. Rg4 Rb4 53. Rg5
Rb5 54. Rg4 1/2-1/2

[Event "Lichtenrader Herbst"]
[Site "Berlin"]
[Date "2013.10.01"]
[Round "4.8"]
[White "Gruzmann, Boris"]
[Black "Jaeschke, Jens-Uwe"]
[Result "1-0"]
[WhiteElo "2245"]
[BlackElo "2135"]
[PlyCount "83"]
[EventDate "2013.??.??"]
[WhiteTeam "SG Lasker Steglitz-Wilmersdorf"]
[BlackTeam "Sfr.Nord-Ost Berlin"]

1. e4 e5 2. Nf3 Nc6 3. Bb5 a6 4. Ba4 Nf6 5. O-O Be7 6. Re1 b5 7. Bb3 d6 8. c3
O-O 9. d4 Bg4 10. d5 Na5 11. Bc2 Qc8 12. Nbd2 c6 13. dxc6 Qxc6 14. Nf1 Nc4 15.
Ng3 g6 16. a4 Nb6 17. a5 Nbd7 18. h3 Bxf3 19. Qxf3 Kg7 20. Qe3 Ng8 21. Bb3 Rab8
22. Nf1 Nc5 23. Bd5 Qc7 24. Qg3 Nf6 25. Ne3 Nh5 26. Nf5+ Kh8 27. Qf3 gxf5 28.
Qxh5 f4 29. Bxf7 Kg7 30. Bd5 Rf6 31. Qf3 Rbf8 32. b3 Rg6 33. Kh1 Qc8 34. Rg1
Nd7 35. c4 b4 36. Ra4 Nf6 37. Rxb4 h6 38. Ba3 Nh7 39. Rb7 Qd8 40. c5 Ng5 41.
Qh5 f3 42. cxd6 1-0

[Event "Lichtenrader Herbst"]
[Site "Berlin"]
[Date "2013.10.01"]
[Round "4.9"]
[White "Stigar, Petter"]
[Black "Lagunow, Raphael"]
[Result "1/2-1/2"]
[WhiteElo "2239"]
[BlackElo "1969"]
[PlyCount "37"]
[EventDate "2013.??.??"]
[BlackTeam "SG Lasker Steglitz-Wilmersdorf"]

1. d4 Nf6 2. c4 g6 3. Nc3 Bg7 4. e4 O-O 5. h3 d6 6. Bg5 h6 7. Be3 c5 8. d5 e6
9. Bd3 Na6 10. Nf3 exd5 11. cxd5 Re8 12. O-O c4 13. Bc2 b5 14. Nxb5 Nxe4 15.
Nxa7 Bxb2 16. Nc6 Qf6 17. Bd4 Bxd4 18. Qxd4 Qxd4 19. Nfxd4 1/2-1/2

[Event "Lichtenrader Herbst"]
[Site "Berlin"]
[Date "2013.10.01"]
[Round "4.10"]
[White "Partenheimer, Axel"]
[Black "Moeller, Hendrik"]
[Result "1-0"]
[WhiteElo "2136"]
[BlackElo "2273"]
[PlyCount "129"]
[EventDate "2013.??.??"]
[WhiteTeam "Düsseldorfer SK 14/25 e."]
[BlackTeam "SC Weisse Dame e.V."]

1. Nf3 c5 2. c4 Nf6 3. Nc3 Nc6 4. g3 e6 5. Bg2 d5 6. cxd5 exd5 7. d4 Be7 8. O-O
O-O 9. Bg5 c4 10. Ne5 Be6 11. b3 h6 12. Nxc6 bxc6 13. Bxf6 Bxf6 14. bxc4 dxc4
15. e3 Qa5 16. Rc1 Rac8 17. Qa4 Qxa4 18. Nxa4 Bd5 19. Bxd5 cxd5 20. Nc3 Rfd8
21. Rb1 Rd6 22. Rb5 Rcd8 23. Rfb1 R8d7 24. Rb7 Rxb7 25. Rxb7 Ra6 26. a4 Bd8 27.
Rb8 Rd6 28. Rb5 Kf8 29. Kf1 Ke8 30. Ke2 a6 31. Rxd5 Rb6 32. Rc5 Rb2+ 33. Kf3
Rc2 34. Nd5 Rc1 35. h4 Kd7 36. e4 h5 37. Ke3 g5 38. hxg5 Bxg5+ 39. f4 Bd8 40.
e5 Re1+ 41. Kf3 Rf1+ 42. Kg2 Rc1 43. f5 Rc2+ 44. Kf3 Rc1 45. a5 Rf1+ 46. Kg2
Rxf5 47. Nb6+ Ke7 48. Nxc4 Rg5 49. Kf3 Rg4 50. Ne3 Rg6 51. Nd5+ Kd7 52. Nf4 Rc6
53. Rd5+ Ke8 54. Nxh5 Rc3+ 55. Kf4 Bc7 56. Nf6+ Kf8 57. Rc5 Rxc5 58. Nd7+ Ke7
59. Nxc5 Bxa5 60. Nxa6 Kd7 61. Nc5+ Kc6 62. Ke4 Be1 63. g4 Bd2 64. Nd3 Bg5 65.
d5+ 1-0

[Event "Lichtenrader Herbst"]
[Site "Berlin"]
[Date "2013.10.01"]
[Round "4.11"]
[White "Hahlbohm, Matthias"]
[Black "Schnabel, Ralf"]
[Result "1/2-1/2"]
[WhiteElo "2125"]
[BlackElo "2228"]
[PlyCount "60"]
[EventDate "2013.??.??"]
[WhiteTeam "TSG Oberschöneweide e.V."]
[BlackTeam "ESV Nickelhütte Aue"]

1. e4 Nf6 2. e5 Nd5 3. Bc4 Nb6 4. Bb3 d5 5. d4 Bf5 6. Ne2 e6 7. Ng3 Bg6 8. O-O
c5 9. c3 Nc6 10. f4 Qd7 11. Be3 cxd4 12. cxd4 Na5 13. Nc3 Nxb3 14. axb3 Be7 15.
Na4 Nxa4 16. bxa4 Rc8 17. Rc1 Rxc1 18. Bxc1 O-O 19. Ne2 Bh5 20. Rf2 Rc8 21. b3
b5 22. h3 Bh4 23. Rf1 Bxe2 24. Qxe2 bxa4 25. bxa4 Qxa4 26. Be3 Qc2 27. Rc1
Qxc1+ 28. Bxc1 Rxc1+ 29. Kh2 Rc3 30. Qb2 Bg3+ 1/2-1/2

[Event "Lichtenrader Herbst"]
[Site "Berlin"]
[Date "2013.10.01"]
[Round "4.13"]
[White "Schnoor, Ekkehard"]
[Black "Postler, Reinhard"]
[Result "0-1"]
[WhiteElo "2091"]
[BlackElo "2249"]
[PlyCount "78"]
[EventDate "2013.??.??"]
[WhiteTeam "SG Grün-Weiß Dresden"]
[BlackTeam "TSG Oberschöneweide e.V."]

1. e4 c5 2. Nf3 e6 3. g3 Nc6 4. Bg2 d6 5. O-O Nf6 6. Re1 Be7 7. c3 O-O 8. d4
cxd4 9. cxd4 d5 10. e5 Ne4 11. Nbd2 Nxd2 12. Bxd2 Qb6 13. Bc3 Bd7 14. h4 f5 15.
exf6 Bxf6 16. Qd2 a5 17. Re3 Rae8 18. Rae1 Re7 19. Bh3 Rfe8 20. Bf1 Kh8 21. Be2
g6 22. Bd1 Bg7 23. R3e2 Rf8 24. Ne5 Bxe5 25. dxe5 d4 26. Qh6 Ref7 27. Bd2 Ne7
28. Bc2 Bb5 29. Be4 Bxe2 30. Rxe2 Qb5 31. Re1 Ng8 32. Qg5 Rxf2 33. Bf4 Re2 34.
Rxe2 Qxe2 35. Bxb7 Rb8 36. b3 Rxb7 37. Qd8 d3 38. Qc8 Rf7 39. Qxe6 Rxf4 0-1

[Event "Lichtenrader Herbst"]
[Site "Berlin"]
[Date "2013.10.01"]
[Round "4.14"]
[White "Starke, Rene-Reiner"]
[Black "Dimitrijeski, Kristian"]
[Result "0-1"]
[WhiteElo "1867"]
[BlackElo "2187"]
[PlyCount "84"]
[EventDate "2013.??.??"]
[WhiteTeam "SC Schwarz-Weiß Lichtenrade e.V."]
[BlackTeam "SK König Tegel 1949 e.V."]

1. d4 d5 2. Bf4 Nf6 3. e3 c5 4. c3 Qb6 5. Qb3 c4 6. Qc2 Nc6 7. h3 Bf5 8. Qc1 e6
9. Nd2 Be7 10. Ngf3 h6 11. Be2 Qd8 12. Ne5 Nxe5 13. Bxe5 b5 14. O-O O-O 15. Re1
Bd6 16. f4 Ne4 17. Nxe4 Bxe4 18. Bxd6 Qxd6 19. Bf3 Bxf3 20. gxf3 f5 21. Qd2 Kh7
22. Kh1 a5 23. a3 Qe7 24. Qg2 b4 25. axb4 axb4 26. Rxa8 Rxa8 27. e4 bxc3 28.
bxc3 Qf6 29. exd5 exd5 30. Re5 Ra1+ 31. Kh2 Qa6 32. Re2 Rc1 33. Re7 Qf6 34. Rd7
Rxc3 35. Rxd5 Rd3 36. Qc2 Qc6 37. Rxf5 Qxf3 38. Rf7 Qxh3+ 39. Kg1 Qg3+ 40. Kh1
Qf3+ 41. Kg1 Kg8 42. Re7 Rd1+ 0-1

[Event "Lichtenrader Herbst"]
[Site "Berlin"]
[Date "2013.10.01"]
[Round "4.15"]
[White "Maahs, Erich"]
[Black "Chatalbashev, Boris"]
[Result "0-1"]
[WhiteElo "2067"]
[BlackElo "2537"]
[PlyCount "108"]
[EventDate "2013.??.??"]
[WhiteTeam "SC Concordia SAbt Palame"]

1. e4 c5 2. Nf3 Nc6 3. d4 cxd4 4. Nxd4 g6 5. Be3 Bg7 6. c4 Nf6 7. Nc3 Ng4 8.
Qxg4 Bxd4 9. Bxd4 Nxd4 10. Qd1 e5 11. Bd3 d6 12. O-O O-O 13. Kh1 Be6 14. Ne2
Nc6 15. Qd2 a5 16. b3 Qh4 17. Qe3 a4 18. Nc3 axb3 19. axb3 Nd4 20. b4 Rac8 21.
Ne2 Bxc4 22. Nxd4 exd4 23. Qxd4 d5 24. f4 Bxd3 25. Qxd3 dxe4 26. Qxe4 b5 27.
Rac1 Qf2 28. Qe1 Qb2 29. Rc5 Rxc5 30. bxc5 Rc8 31. Qe3 b4 32. Rc1 Qa3 33. Qxa3
bxa3 34. Kg1 Kf8 35. Kf2 Ke7 36. Ke3 Kd7 37. Kd4 Kc6 38. Kc4 a2 39. Ra1 Ra8 40.
Kb4 Rb8+ 41. Kc3 Ra8 42. Kb4 h5 43. g3 f5 44. Kc4 Ra5 45. Kb4 Rb5+ 46. Ka4 Rb2
47. Ka3 Rb8 48. h3 Rb7 49. Ka4 Kxc5 50. Ka3 Kd4 51. Rd1+ Kc3 52. Rc1+ Kd2 53.
Ra1 Kc2 54. Rxa2+ Kc3 0-1

[Event "Lichtenrader Herbst"]
[Site "Berlin"]
[Date "2013.10.01"]
[Round "4.18"]
[White "Giemsa, Stephan"]
[Black "Pesola, Jyrki"]
[Result "1-0"]
[WhiteElo "2321"]
[BlackElo "1880"]
[PlyCount "43"]
[EventDate "2013.??.??"]
[WhiteTeam "SK König Tegel 1949 e.V."]

1. d4 f5 2. Nc3 Nf6 3. Bg5 d5 4. e3 c6 5. Bd3 Qd6 6. Bf4 Qb4 7. a3 Qa5 8. Nf3
e6 9. O-O Be7 10. Ne2 O-O 11. c4 Qd8 12. b4 a6 13. h3 Ne4 14. Ne5 Nd7 15. f3
Nd6 16. cxd5 cxd5 17. Rc1 Nxe5 18. Bxe5 Nf7 19. Bc7 Qe8 20. e4 fxe4 21. fxe4
Bd6 22. Rxf7 1-0

[Event "Lichtenrader Herbst"]
[Site "Berlin"]
[Date "2013.10.01"]
[Round "4.19"]
[White "Zschaebitz, Klaus"]
[Black "Lerch, Philipp"]
[Result "1/2-1/2"]
[WhiteElo "1997"]
[BlackElo "2163"]
[PlyCount "184"]
[EventDate "2013.??.??"]
[WhiteTeam "BSG 1827 Eckbauer e.V."]
[BlackTeam "SK König Tegel 1949 e.V."]

1. c4 e5 2. g3 Nf6 3. Bg2 d5 4. cxd5 Nxd5 5. Nc3 Nb6 6. Nf3 Nc6 7. a3 Be7 8. b4
Be6 9. Rb1 f6 10. d3 O-O 11. O-O a5 12. b5 Nd4 13. Nd2 Bd5 14. Nxd5 Nxd5 15.
Bb2 a4 16. Bxd4 exd4 17. Qc2 Nc3 18. Ra1 Nxe2+ 19. Kh1 Nc3 20. Bxb7 Rb8 21. Bc6
Kh8 22. Ne4 Nxb5 23. Qxa4 Nxa3 24. Rxa3 Bxa3 25. Qxa3 f5 26. Nd2 Rf6 27. Bf3 f4
28. Re1 fxg3 29. hxg3 Qc8 30. Kg2 Qf5 31. Re4 Qg5 32. Qc1 Rbf8 33. Qe1 c5 34.
Re8 Qf5 35. Rxf8+ Rxf8 36. Qe4 Qg5 37. Nc4 Qf6 38. Qc6 Qf5 39. Qe4 Qf6 40. Qd5
Rc8 41. Ne5 g6 42. Nd7 Qe7 43. Bg4 Rd8 44. f4 h5 45. Qe5+ Qxe5 46. Nxe5 Kg7 47.
Bf3 Kf6 48. Kf2 Rd6 49. Ke2 Rd8 50. Kd2 g5 51. Bxh5 gxf4 52. gxf4 Kf5 53. Nf7
Ra8 54. Kc2 Ra3 55. Kb2 Rc3 56. Bd1 Kxf4 57. Bc2 c4 58. dxc4 Rxc4 59. Nd6 Rb4+
60. Kc1 d3 61. Bxd3 Rd4 62. Nc4 Rxd3 63. Kc2 Rh3 64. Nd2 Ke5 65. Nb3 Kd5 66.
Nd2 Kc5 67. Nb3+ Kb4 68. Nd2 Rc3+ 69. Kd1 Re3 70. Kc2 Ra3 71. Ne4 Rh3 72. Nd2
Re3 73. Nf1 Re8 74. Nd2 Rd8 75. Ne4 Kc4 76. Nd2+ Kd4 77. Nb3+ Ke3 78. Kc3 Rc8+
79. Kb4 Kd3 80. Nc5+ Kd4 81. Nb3+ Kd5 82. Nd2 Rc7 83. Nb3 Rc2 84. Kb5 Rc4 85.
Na5 Rc8 86. Nb7 Rc7 87. Na5 Ra7 88. Kb6 Ra8 89. Nb7 Rc8 90. Na5 Rc5 91. Nb7 Rc1
92. Na5 Rb1+ 1/2-1/2

[Event "Lichtenrader Herbst"]
[Site "Berlin"]
[Date "2013.10.01"]
[Round "4.20"]
[White "Jaeger, Andre"]
[Black "Kul, Ivan"]
[Result "0-1"]
[WhiteElo "2023"]
[BlackElo "2123"]
[PlyCount "98"]
[EventDate "2013.??.??"]
[WhiteTeam "SC Rochade e.V."]

1. d4 Nf6 2. c4 g6 3. g3 c6 4. Bg2 d5 5. cxd5 cxd5 6. Nc3 Bg7 7. Nf3 Ne4 8.
Nxe4 dxe4 9. Ne5 Bxe5 10. dxe5 Qxd1+ 11. Kxd1 Bf5 12. g4 Bxg4 13. Bxe4 Nc6 14.
Bxc6+ bxc6 15. Be3 O-O-O+ 16. Ke1 Kb7 17. f3 Be6 18. Bc5 Rhe8 19. b4 f6 20.
exf6 exf6 21. Kf2 Bc4 22. e3 Rd2+ 23. Kg3 Bxa2 24. Rhd1 Red8 25. Bd4 Rxd1 26.
Rxd1 a6 27. Ra1 Bd5 28. f4 Rd6 29. h4 Be4 30. Ra5 Bd3 31. Rc5 Kc7 32. Rc3 Bb5
33. Rc5 Bd3 34. Kf2 Kd7 35. Rc3 Bb5 36. Rc5 Ke6 37. Kf3 Ba4 38. Ke2 Rd8 39. Kd2
Bb5 40. Kc3 Ra8 41. Kd2 a5 42. bxa5 Rxa5 43. Rc2 Ra4 44. Ke1 Kf5 45. Rc5+ Ke4
46. Bxf6 Kxe3 47. Be5 Ra2 48. Rc3+ Bd3 49. Rxc6 Rh2 0-1

[Event "Lichtenrader Herbst"]
[Site "Berlin"]
[Date "2013.10.02"]
[Round "5.2"]
[White "Rabiega, Robert"]
[Black "Romanishin, Oleg M"]
[Result "1/2-1/2"]
[WhiteElo "2507"]
[BlackElo "2499"]
[PlyCount "21"]
[EventDate "2013.??.??"]
[WhiteTeam "SK König Tegel 1949 e.V."]

1. e4 e5 2. Nf3 Nc6 3. Nc3 Nf6 4. d4 exd4 5. Nxd4 Bb4 6. Nxc6 bxc6 7. Bd3 d5 8.
exd5 cxd5 9. O-O O-O 10. h3 h6 11. Qf3 1/2-1/2

[Event "Lichtenrader Herbst"]
[Site "Berlin"]
[Date "2013.10.02"]
[Round "5.4"]
[White "Postler, Reinhard"]
[Black "Gutman, Lev"]
[Result "0-1"]
[WhiteElo "2249"]
[BlackElo "2432"]
[PlyCount "102"]
[EventDate "2013.??.??"]
[WhiteTeam "TSG Oberschöneweide e.V."]
[BlackTeam "SV Lingen"]

1. e4 c5 2. Nf3 d6 3. d4 cxd4 4. Nxd4 Nf6 5. Nc3 a6 6. Be3 e5 7. Nf3 Be7 8. Bc4
O-O 9. O-O Nc6 10. Bg5 Be6 11. Bb3 Rc8 12. Bxf6 Bxf6 13. Nd5 Ne7 14. c3 Nxd5
15. Bxd5 Rc5 16. Bxe6 fxe6 17. Qb3 Qd7 18. Rad1 b5 19. Rd3 Be7 20. Rfd1 a5 21.
a3 a4 22. Qc2 Qb7 23. Qe2 Rf4 24. Nd2 Rc8 25. g3 Rf6 26. Rf3 Rg6 27. Rd3 Qc6
28. Nf1 Rf6 29. Rf3 Rg6 30. Rfd3 h6 31. Kg2 h5 32. f3 h4 33. Ne3 Kf7 34. Ng4
hxg3 35. hxg3 Rh8 36. Qe3 Rc8 37. Rh1 Qc4 38. Rdd1 Rc5 39. Rh8 Qb3 40. Qe2 Rg5
41. Rb8 d5 42. exd5 exd5 43. Rb7 d4 44. cxd4 Rc2 45. Rd2 Rxd2 46. Qxd2 Rxg4 47.
Rxe7+ Kxe7 48. fxg4 Qd5+ 49. Kh2 exd4 50. g5 d3 51. Kg1 Kf7 0-1

[Event "Lichtenrader Herbst"]
[Site "Berlin"]
[Date "2013.10.02"]
[Round "5.5"]
[White "Dimitrijeski, Kristian"]
[Black "Gruzmann, Boris"]
[Result "0-1"]
[WhiteElo "2187"]
[BlackElo "2245"]
[PlyCount "138"]
[EventDate "2013.??.??"]
[WhiteTeam "SK König Tegel 1949 e.V."]
[BlackTeam "SG Lasker Steglitz-Wilmersdorf"]

1. d4 Nf6 2. c4 d6 3. Nc3 Bf5 4. Nf3 h6 5. g3 Ne4 6. Nxe4 Bxe4 7. Bg2 g6 8. O-O
Bg7 9. Bh3 O-O 10. d5 Bxf3 11. exf3 Nd7 12. Be3 Nb6 13. Bd4 c5 14. dxc6 bxc6
15. Bxg7 Kxg7 16. f4 e6 17. c5 dxc5 18. Rc1 c4 19. Qf3 Qd2 20. Rb1 Qa5 21. a3
Rac8 22. Rfc1 Rfd8 23. Bf1 Rd4 24. Qc3 Qxc3 25. Rxc3 Rcd8 26. Rbc1 Rd2 27. R1c2
Rxc2 28. Rxc2 Rd4 29. Kg2 Kf6 30. Kf3 e5 31. fxe5+ Kxe5 32. Ke3 g5 33. Be2 f5
34. Bh5 Rd3+ 35. Ke2 Rb3 36. Be8 c5 37. Bf7 f4 38. gxf4+ gxf4 39. Bxc4 Nxc4 40.
Rxc4 Rxb2+ 41. Ke1 f3 42. Rxc5+ Kd4 43. Rc7 Re2+ 44. Kd1 Rxf2 45. Rd7+ Ke3 46.
Re7+ Kf4 47. Rf7+ Kg4 48. Rxa7 Rxh2 49. Ke1 h5 50. Kf1 Ra2 51. a4 h4 52. Rg7+
Kf4 53. Rf7+ Kg3 54. Rg7+ Kh2 55. Rf7 Ra3 56. a5 h3 57. a6 Ra1+ 58. Kf2 Ra2+
59. Kf1 Kg3 60. Rg7+ Kf4 61. Rf7+ Kg5 62. a7 h2 63. Rh7 Rxa7 64. Rxh2 Ra1+ 65.
Kf2 Ra2+ 66. Kg1 Rxh2 67. Kxh2 Kf4 68. Kh1 Ke3 69. Kg1 Ke2 0-1

[Event "Lichtenrader Herbst"]
[Site "Berlin"]
[Date "2013.10.02"]
[Round "5.7"]
[White "Chatalbashev, Boris"]
[Black "Jahnz, Fabian"]
[Result "1-0"]
[WhiteElo "2537"]
[BlackElo "2226"]
[PlyCount "55"]
[EventDate "2013.??.??"]
[BlackTeam "SK König Tegel 1949 e.V."]

1. c4 e5 2. g3 Nf6 3. Bg2 d5 4. cxd5 Nxd5 5. Nf3 Nc6 6. O-O Nb6 7. Nc3 Be7 8.
a3 g5 9. b4 g4 10. Ne1 h5 11. Nd3 Be6 12. Bxc6+ bxc6 13. Nxe5 h4 14. d4 hxg3
15. fxg3 Bd6 16. Bf4 f6 17. Ng6 Rg8 18. Qd3 f5 19. Nh4 Qd7 20. Bxd6 cxd6 21.
Nxf5 O-O-O 22. b5 cxb5 23. Nxb5 Nc4 24. Rab1 d5 25. Nbd6+ Nxd6 26. Qa6+ Nb7 27.
Nd6+ Qxd6 28. Qxb7# 1-0

[Event "Lichtenrader Herbst"]
[Site "Berlin"]
[Date "2013.10.02"]
[Round "5.9"]
[White "Bolk, Matthias"]
[Black "Lund, Silas Esben"]
[Result "0-1"]
[WhiteElo "2045"]
[BlackElo "2417"]
[PlyCount "54"]
[EventDate "2013.??.??"]
[WhiteTeam "SV Senat"]

1. e4 e6 2. d4 d5 3. e5 c5 4. c3 Nc6 5. Nf3 Nge7 6. a3 cxd4 7. cxd4 Nf5 8. b4
Be7 9. Bb2 f6 10. Bd3 O-O 11. g4 fxe5 12. dxe5 Nh4 13. Nbd2 Rf4 14. Rg1 Bd7 15.
Rg3 Qb6 16. Qe2 Raf8 17. Rc1 Be8 18. Rc3 a5 19. b5 Na7 20. Rh3 Ng6 21. g5 a4
22. Bc1 Bxb5 23. Qe3 d4 24. Nxd4 Qxd4 25. Qxd4 Rxd4 26. Bxg6 hxg6 27. Rc7 Rd7
0-1

[Event "Lichtenrader Herbst"]
[Site "Berlin"]
[Date "2013.10.02"]
[Round "5.10"]
[White "Bekker-Jensen, David"]
[Black "Hahlbohm, Matthias"]
[Result "1-0"]
[WhiteElo "2321"]
[BlackElo "2125"]
[PlyCount "61"]
[EventDate "2013.??.??"]
[WhiteTeam "SK Norderstedt von 1975"]
[BlackTeam "TSG Oberschöneweide e.V."]

1. d4 d5 2. c4 e6 3. Nc3 Nf6 4. cxd5 exd5 5. Bg5 Be7 6. e3 O-O 7. Bd3 h6 8. Bf4
Bd6 9. Bg3 Re8 10. Nge2 c6 11. Qc2 Qe7 12. O-O Nh5 13. Bxd6 Qxd6 14. e4 dxe4
15. Nxe4 Qd8 16. Rfe1 Nd7 17. Nd6 Rf8 18. Nc3 Nhf6 19. Qe2 Nb6 20. Qe5 Nbd7 21.
Qf4 Nb6 22. Rad1 Nbd5 23. Nxd5 cxd5 24. b3 b6 25. Re3 Be6 26. Bf5 Bd7 27. Rh3
Qb8 28. Bxd7 Nxd7 29. Rg3 g6 30. Qxh6 Nf6 31. Nf5 1-0

[Event "Lichtenrader Herbst"]
[Site "Berlin"]
[Date "2013.10.02"]
[Round "5.11"]
[White "Bruedigam, Martin"]
[Black "Feikes, Joerg"]
[Result "1-0"]
[WhiteElo "2312"]
[BlackElo "2039"]
[PlyCount "91"]
[EventDate "2013.??.??"]
[WhiteTeam "USV Potsdam e.V., Abt. Schach"]

1. e4 e5 2. Nf3 Nc6 3. Bc4 Nf6 4. d3 Bc5 5. c3 a6 6. Bb3 Ba7 7. Nbd2 d5 8. O-O
d4 9. c4 Rb8 10. Re1 Bc5 11. a3 Bd6 12. Qc2 Qe7 13. Ba4 b5 14. cxb5 axb5 15.
Bxb5 Rxb5 16. Qxc6+ Qd7 17. Qc2 Rc5 18. Nc4 Ba6 19. b4 Rc6 20. Rb1 Bxc4 21.
dxc4 O-O 22. c5 Re8 23. Rb3 Bf8 24. Nd2 Nh5 25. Qd1 g6 26. Nc4 Rce6 27. Rd3 Qb5
28. Qb3 Rb8 29. Qc2 Rd8 30. Bd2 Nf4 31. Bxf4 exf4 32. f3 Bg7 33. Qb3 g5 34. a4
Qe8 35. b5 Kh8 36. b6 cxb6 37. cxb6 f5 38. e5 Bxe5 39. Qb5 Qxb5 40. axb5 Rde8
41. b7 Bb8 42. Rxe6 Rxe6 43. Rxd4 Ba7 44. b6 Rxb6 45. Rd8+ Kg7 46. Rd7+ 1-0

[Event "Lichtenrader Herbst"]
[Site "Berlin"]
[Date "2013.10.02"]
[Round "5.12"]
[White "Welz, Peter"]
[Black "Giemsa, Stephan"]
[Result "0-1"]
[WhiteElo "2139"]
[BlackElo "2321"]
[PlyCount "58"]
[EventDate "2013.??.??"]
[WhiteTeam "SV Empor Berlin e.V."]
[BlackTeam "SK König Tegel 1949 e.V."]

1. e4 e6 2. d4 d5 3. e5 c5 4. c3 Qb6 5. Nf3 Nc6 6. a3 f6 7. b4 fxe5 8. dxe5 Nh6
9. Bd3 Nf7 10. Bf4 c4 11. Bc2 g6 12. O-O Bg7 13. Qe2 O-O 14. a4 Qc7 15. Re1 Nh6
16. Bxh6 Bxh6 17. Nbd2 Bd7 18. Nf1 Rf7 19. h4 Raf8 20. N1h2 Bg7 21. Ng4 Rf4 22.
Ng5 Nxe5 23. Nxe5 Rxf2 24. Nxd7 Rxe2 25. Nxf8 Rxc2 26. Re3 Qb6 27. Rae1 Rc1 28.
Kh2 Rxe1 29. Rxe1 Bxf8 0-1

[Event "Lichtenrader Herbst"]
[Site "Berlin"]
[Date "2013.10.02"]
[Round "5.13"]
[White "Noetzel, Felix"]
[Black "Stigar, Petter"]
[Result "0-1"]
[WhiteElo "2081"]
[BlackElo "2239"]
[PlyCount "94"]
[EventDate "2013.??.??"]
[WhiteTeam "SF Berlin 1903 e.V."]

1. e4 e5 2. Nf3 Nc6 3. d4 exd4 4. c3 d5 5. exd5 Qxd5 6. cxd4 Bg4 7. Be2 Bb4+ 8.
Nc3 Bxf3 9. Bxf3 Qc4 10. Qb3 Qxb3 11. axb3 Nge7 12. O-O O-O-O 13. Be3 a6 14.
Ra4 Bd6 15. Rc1 Nb4 16. Ne4 Nbd5 17. Bd2 c6 18. Ba5 Bc7 19. Bxc7 Kxc7 20. Ng5
Rdf8 21. g3 h6 22. Ne4 Rd8 23. Nc5 Nb6 24. Re1 Nxa4 25. Rxe7+ Kd6 26. Rxb7 Nxc5
27. dxc5+ Kxc5 28. Rc7 Rd6 29. Rxf7 Rf6 30. Rxf6 gxf6 31. Be2 a5 32. Kf1 Rb8
33. Bd1 a4 34. bxa4 Rxb2 35. Bf3 Ra2 36. h4 Rxa4 37. Ke2 Ra3 38. g4 Rc3 39. Bg2
Kd4 40. f4 c5 41. Kf2 c4 42. g5 fxg5 43. fxg5 hxg5 44. hxg5 Re3 45. Bc6 Re6 46.
Bd7 Rg6 47. Ke2 Kc3 0-1

[Event "Lichtenrader Herbst"]
[Site "Berlin"]
[Date "2013.10.02"]
[Round "5.14"]
[White "Lagunow, Raphael"]
[Black "Schou-Moldt, Thomas"]
[Result "1-0"]
[WhiteElo "1969"]
[BlackElo "2221"]
[PlyCount "119"]
[EventDate "2013.??.??"]
[WhiteTeam "SG Lasker Steglitz-Wilmersdorf"]

1. e4 c5 2. c3 b6 3. d4 Bb7 4. d5 Nf6 5. Qc2 e6 6. c4 exd5 7. exd5 b5 8. b3 d6
9. Nc3 a6 10. Nf3 Nbd7 11. Be2 Be7 12. O-O O-O 13. Bf4 b4 14. Nd1 Re8 15. h3 a5
16. Ne3 g6 17. Bd3 Bf8 18. g4 Qb6 19. h4 Ne5 20. Bxe5 dxe5 21. Be4 Bc8 22. Nh2
Bg7 23. f3 Rf8 24. Rf2 Ra7 25. Nhf1 Ne8 26. Ng3 Nd6 27. Rg2 a4 28. Rf1 Qd8 29.
Rh2 Qd7 30. g5 Qe7 31. Kh1 Ra6 32. Rg1 Bd7 33. h5 Be8 34. hxg6 fxg6 35. Ne2 Qf7
36. Rg3 axb3 37. axb3 Ra1+ 38. Kg2 Bd7 39. Ng4 Nf5 40. Rgh3 Nd4 41. Nxd4 Bxg4
42. Rh4 Rfa8 43. Ne2 R8a2 44. Qd3 Re1 45. Kg3 Bd7 46. d6 Be6 47. Bc6 Ra7 48.
Kf2 Rea1 49. Rxh7 R1a2 50. d7 Rxd7 51. Bxd7 Bxd7 52. R2h6 e4 53. Qxe4 Bf5 54.
Qc6 Qe7 55. Qd5+ Be6 56. Qe4 Qf7 57. Rxg6 Kxh7 58. Rf6+ Kg8 59. Rxf7 Kxf7 60.
Kg3 1-0